000 00593nam a22001577a 4500
999 _c216496
_d216496
005 20260326164844.0
008 260326b ||||| |||| 00| 0 eng d
040 _aLC
_cUNZA
_dUNZA
_eRDA
050 _aGOV.ZAM (02) n.d.
110 _aZambia. Ministry of Health
245 _aGuidelines for implemantation of healthy cities in Zambia :
_bgood health is a prerequisite for sustainable development /
_cZambia. Ministry of Health
260 _aLusaka:
_bMinistry of Health,
_cn.d.
300 _avii, 55 pages:
_billustrations.
650 _aHealthy cities
_xGuidelines
_zZambia
942 _cGOV-PUBS